000 00709nam a22002057a 4500
005 20100813140030.0
010 _aENG-100212
020 _a9788190761851
_c70.00
035 _aEN-83744
037 _bDBAD/PUB
082 _a658.84
100 _aHarikrishnan, K.
_913817
245 _aExport Management /
_cby K. Harikrishnan
260 _aChennai
_bThirupathi Publication
_c2008
270 _aNo. 63, Razak Garden, Arumbakkam
_bChennai
_e106
300 _a95p.
_c21cm (pbk)
650 _aExport Management
_913818
942 _2ddc
_cEN
_h658.84
_mHAR
999 _c41620
_d41620